| 000 | 00707nam a2200205Ia 4500 | ||
|---|---|---|---|
| 001 | b4320-27333 [5524] | ||
| 003 | IT-MiCISF | ||
| 008 | 161014s9999||||xx |||||||||||||| ||und|| | ||
| 040 |
_aIT-MiCISF _cIT-MiCISF |
||
| 041 | _ait | ||
| 100 | _aBalier Claude | ||
| 245 | 0 |
_aPsicoanalisi dei comportamenti sessuali violenti _bUna patologia dell'incompiuto |
|
| 250 | _a1a ed. | ||
| 260 |
_a Torino _bCentro Scientifico Editore _c1998 [Edizione originale: 1996] |
||
| 300 | _app. XIX, 257 | ||
| 500 | _aPresentazione ed edizione italiana a cura di Fornari U. / abuso-sessuale, psicoanalisi, infanzia, stupro, incesto / | ||
| 650 | _amaltrattamenti-violenza | ||
| 942 | _cBK | ||
| 957 | _71 | ||
| 999 |
_a27333 _bsi _g1 _c212957 _d212957 |
||